=LDR 00000nam 2200000 4500 =001 INLIS000000000048320 =005 20161020162107.0 =006 =007 =008 =020 ##$$a 978-979-29-2188-5 =035 ##$$0010-101600000000078 =082 ##$$2 22 $a 899.221 3 =090 ##$$a 899.221 3 $b San f =100 ##$$a Sandi Situmorang, T =245 ##$$a Fate of love : cinta harus diperjuangkan $c T. Sandi Situmorang =260 ##$$a Yogyakarta $b Andi $c 2014 =300 ##$$a iv, 257 hlm. $c 19 cm =500 ##$$a Biografi : hlm. 257 =650 ##$$a Fiksi Indonesia =990 ##$$a 17211721 =990 ##$$a 0001/BPAP-NTB/2016 =990 ##$$a 0001/BPAP-NTB/2016 =990 ##$$a 0001/BPAP-NTB/2016 =990 ##$$a 0001/BPAP-NTB/2016 =990 ##$$a 0001/BPAP-NTB/2016 =990 ##$$a 01201901721 =990 ##$$a 0001/BPAP-NTB/2016 =990 ##$$a 0001/BPAP-NTB/2016 =990 ##$$a 0001/BPAP-NTB/2016 =990 ##$$a 0001/BPAP-NTB/2016 =990 ##$$a 0001/BPAP-NTB/2016 =990 ##$$a 01201901721